000 01114nam a2200325 i 4500
001 bg
245 0 0 _aFizyczne i matematyczne modelowanie procesów obróbki plastycznej FiMM :
_bWarszawa 20-21.05.2005 r.
260 _aWarszawa :
_bOficyna Wydawnicza PW,
_c2005.
300 _a192 s. :
_bil. ;
_c24 cm.
490 1 _aPrace Naukowe / Politechnika Warszawska. Mechanika,
_x0137-2335 ;
_vz. 207
500 _aStreszcz. ang. przy ref.
504 _aBibliogr. przy ref.
650 9 _aTechnologia
650 9 _aStal
_xobróbka plastyczna
650 9 _aBlacha
_xobróbka plastyczna
650 9 _aTłocznictwo
650 9 _aWyciskanie
650 9 _aKucie matrycowe
650 9 _aWalcowanie
650 9 _aNaprężenia i odkształcenia
650 9 _aSymulacja
_xstosowanie
650 9 _aAnaliza numeryczna
_xstosowanie
655 _aMateriały konferencyjne
830 0 _aPrace Naukowe (Politechnika Warszawska).
_pMechanika,
_x0137-2335 ;
_vz. 207
040 _cBPK
041 0 _apol
_beng
080 _a621.7:539.3/.5:519.61/.64:004.94](061)
942 _cKS
008 s pl f |000 0 pol
999 _c46374
_d46374
856 _uhttp://koha.tu.koszalin.pl/cgi-bin/koha/opac-detail.pl?biblionumber=46374
_yKatalog online BPK